A propósito del fascismo: apuntes para un estudio de la historia política de la Italia contemporánea (1860-1945)

En el presente artículo se quiere mostrar el itinerario de la historia política de la Italia contemporánea considerada desde el proceso de su unidad nacional hasta el término de la Segunda Guerra Mundial, poniendo en el centro de la discusión el complejo proceso cultural, social y político conocido...

Descripción completa

Detalles Bibliográficos
Autor principal: Massardo, Jaime
Formato: Analitica de revista
Lenguaje:español
Publicado: Santiago, Chile: Universidad Academia de Humanismo Cristiano, 2003.
Materias:
Acceso en línea:Disponible en línea (PDF). Biblioteca Digital UAHC

MARC

LEADER 00000cab a2200000 a 4500
001 041804
003 UAHC_CL
005 20210909180023.0
008 150302s2003 cl 000 spa
952 |0 0  |1 0  |4 0  |6 REVISTA_DE_LA_ACADEMIA08_03_000000000000000  |7 0  |8 COMP  |9 78296  |a BC  |b BC  |c Hemeroteca  |d 2017-08-03  |l 0  |o REVISTA DE LA ACADEMIA-08/03  |r 2018-01-23 00:00:00  |w 2017-08-03  |y REVA 
999 |c 41804  |d 41804 
040 |a UAHC_CL  |c UAHC_CL  |d UAHC_CL 
100 |a Massardo, Jaime  |9 1371 
245 1 2 |a A propósito del fascismo:  |b apuntes para un estudio de la historia política de la Italia contemporánea (1860-1945)   |c Jaime Massardo. 
260 |a Santiago, Chile:  |b Universidad Academia de Humanismo Cristiano,  |c 2003. 
300 |a p. 49-70 
500 |a En: Revista de la Academia, No 8, 2003. pp. 49-70. ISSN 07171846. 
520 |a En el presente artículo se quiere mostrar el itinerario de la historia política de la Italia contemporánea considerada desde el proceso de su unidad nacional hasta el término de la Segunda Guerra Mundial, poniendo en el centro de la discusión el complejo proceso cultural, social y político conocido bajo el nombre de "Fascismo". 
650 0 |a Fascismo  |y 1945  |9 4732  |z Italia 
856 |u http://bibliotecadigital.academia.cl/xmlui/handle/123456789/2841  |y Disponible en línea (PDF). Biblioteca Digital UAHC 
900 |a REVISTA DE LA ACADEMIA-08/03 
942 |c REVA